00725cam a2200229 a 4500001000800000005001700008008004100025010001700066020002800083040001800111041000800129080002000137082002400157100000700181101000800188245007600196504003000272906004500302942001200347999001700359952011900376378805220180124075342.0841205s1985 nyua b 001 0 eng  a 84026440  a0030698812 (alk. paper) aDLCcDLCdDLC aeng a304.660951 sun00a304.660951 sun2191 a16 ahis10aPopulation control in China :cJian Song, Chi-Hsien Tuan, Jing-Yuan Yu. aBibliography: p. 287-291. a7bcbccorignewd1eocipf19gy-gencatlg 2ddccBK c40866d40866 00102udc40708PËKGa002b002cPËKGd2018-01-24l0o304.660951 sunp002-2996152r2018-01-24w2018-01-24yBK